|
|
|
|
| LEADER |
00746nam a22002172a 4500 |
| 001 |
001411668 |
| 003 |
CZ BrMZK |
| 005 |
20141015123828.0 |
| 007 |
ta |
| 008 |
140814s1956 sz er|||||||||||ger d |
| 040 |
|
|
|a BOA001
|b cze
|
| 100 |
1 |
|
|a Hunziker, Theodor
|4 dis
|
| 245 |
1 |
0 |
|a Ökologische Untersuchungen über die natürliche Föhrenverjüngung im nordostschweizerischen Mittelland /
|c Theodor Hunziker
|
| 260 |
|
|
|a Zürich :
|b T. Hunziker,
|c 1956
|
| 300 |
|
|
|a s. 83-145 +
|e 4 l.
|
| 502 |
|
|
|a Disertace--Universität Zürich, 1956
|
| 710 |
2 |
|
|a Universität Zürich
|7 mzk2004225241
|
| 910 |
|
|
|a BOA001
|b 2-0420.033
|
| 990 |
|
|
|a BK
|
| 991 |
|
|
|b 201408
|
| 996 |
7 |
|
|b 2619109054
|c 2-0420.033
|l MZK
|r Sklad / do 24 hodin
|n 0
|w 001446862
|u 000010
|a 1
|e BOA001
|j MZK50
|s A
|